| 000 | 01111nam2a2200241 4500 | ||
|---|---|---|---|
| 001 | rc\3012260 | ||
| 005 | 20260315064209.0 | ||
| 035 | _a(NLR Aleph) 007154720 | ||
| 090 |
_a13617346 _c13617346 |
||
| 100 | _a20110924d1944 u y0rusy50 ca | ||
| 101 | 0 | _arus | |
| 102 | _aRU | ||
| 105 | _ay z ||||| | ||
| 200 | 1 |
_a[Дождик] _a[Ночные часовые] _a[Перестрелка] |
|
| 210 | _d1944 | ||
| 215 | _a5 с. | ||
| 300 | _aБез обл. | ||
| 461 | 0 |
_1001rc\3012259 _12001#$aПодвижные игры для детей школьного возраста$eВып. 1-$fЛ. Былеева$gНКП РСФСР. Центр. дом худож. воспитания детей$vВып. 1 _1700#1$aБылеева$bЛ.В.$gЛюдмила Васильевна$f1902- _97187894 _aБылеева, Л.В. (1902-) _cМосква _d1944 _fЛ. Былеева _nБ. и. _oВып. 1- _tПодвижные игры для детей школьного возраста _vВып. 1 |
|
| 801 | 0 |
_aRU _bNLR _gpsbo |
|
| 801 | 1 |
_aRU _bELAR _2rusmarc |
|
| 852 |
_aNLR _jФк022 Г-2/195 |
||
| 942 | _cUNSPEC | ||
| 980 | _aNB | ||